Countries by Egyptian Obelisks - Statistics

General Stats
  • This quiz has been taken 17 times
  • The average score is 6 of 9
Answer Stats
# Country % Correct
12 Egypt
100%
1 France
100%
4 United Kingdom
100%
1 United States
100%
9 Italy
82%
1 Türkiye
71%
1 Vatican
41%
1 Poland
29%
1 Lebanon
18%
No matching quizzes found
Score Distribution
Percent of People with Each Score
Percentile by Number Answered
Your Score History
You have not taken this quiz